Quiz géographie 15 questions faciles et difficiles - Statistiques

Statistiques générales
  • Ce quiz a été pris 148 fois
  • Le résultat moyen est 10 sur 15
Statistiques - réponses
Question Réponse % Correct
Quel est le pays le plus grands du monde Russie
97%
Quelle est la capitale de l’Australie Camberra
94%
Combien y-a-t'il d’états aux États-Unis 50
91%
Quelle est la capitale du Brésil Brasilia
90%
Quel est le pays le plus petit du monde Vatican
89%
Quel est le continent le plus peuplé Asie
87%
Quel est le pays le plus peuplé au monde Inde
77%
Quelle est le seul pays d’Afrique à parler espagnol Guinée équatoriale
68%
Quel est le pays le moins peuplé au monde Vatican
60%
Quelle est la langue la plus parlée au monde (nombre de pays) Anglais
54%
Quel est le pays le moins densément peuplé au monde Mongolie
47%
Quelle est sa superficie (à la centaine de mètre près 0.4 km²
46%
Combien y-a-t’il de continents 6
41%
Quel est le pays le plus densément peuplé au monde Monaco
38%
Quel est sa superficie (au millions près) 17 millions km²
37%
Aucun quiz correspondant
Distribution des résultats
% des personnes avec chaque résultat
Percentile par nombre de réponses
Votre historique - résultats
Vous n’avez pas pris ce quiz